00884nam a22001817a 450000500170000000800410001702000180005805000170007608200180009310000340011124500880014526000420023330000350027550000390031050502900034965000250063970000380066420231102152054.0170427s2011 sp a r 001 0 spa d a9788492650842 4aQA76.73bG65 4a005.72bG644c1 aGómez López, Julioeautor10aConstrucción de páginas webc / Julio Gómez López, Alfredo Alcayde García aMadrid, Españab : Starbookc, 2011 a188 páginasb: ilustraciones aíndice alfabético (pp.187-188)0 aLos lenguajes de las marcas Imágenes y elementos miltimedia Técnicas de accesibilidad y usabilidad Herramientas de edición web Formularios en la construcción de páginas web Plantillas en la construcción de páginas web Hojas de estilo en la construcción de páginas web14aSITIOS WEBxDISEÑO1 aAlcayde García, Alfredo eautor